電車が通っている都道府県 - Statistics

General Stats
  • This quiz has been taken 104 times
  • The average score is 44 of 46
Answer Stats
Answer % Correct
長崎
99%
北海道
96%
青森
96%
岩手
96%
宮城
96%
秋田
96%
山形
96%
福島
96%
東京
96%
神奈川
96%
新潟
96%
茨城
95%
栃木
95%
群馬
95%
埼玉
95%
千葉
95%
富山
95%
石川
95%
福井
95%
長野
95%
岐阜
95%
愛知
95%
三重
95%
京都
95%
大阪
95%
奈良
95%
鳥取
95%
島根
95%
岡山
95%
広島
95%
山口
95%
愛媛
95%
高知
95%
福岡
95%
佐賀
95%
熊本
95%
大分
95%
宮崎
95%
鹿児島
95%
沖縄
95%
山梨
94%
静岡
94%
滋賀
94%
兵庫
94%
和歌山
94%
香川
94%
No matching quizzes found
Score Distribution
Percent of People with Each Score
Percentile by Number Answered
Your Score History
You have not taken this quiz